00606 2200217 4500001002100000005001500021035002000036007000300056008004100059020002200100082001000122084001600132100002100148245009700169250001000266260004300276300002200319650002500341990001100366990001100377INLIS00000000000120420180109022045 a0010-0118000022ta180109 g 0 ind  a978-602-8585-48-8 a005.5 a005.5 BUN p0 aBunafit Nugaroho1 aPanduan Membuat Aplkasi Program Toko berbasis WEB dengan PHP MySQL dan Dremweaver :bBunafit aCet.1 aYogyakarta :bPenerbitGavaMedia,c2015 a342hlm ;c16x23cm aAplikasi Toko Online a5689 a a5689 b